000 00736nam a2200277Ia 4500
003 OSt
005 20220912150523.0
006 a|||||r|||| 00| 0
007 ta
008 220909b |||||||| |||| 00| 0 eng d
020 _a0201057573 (hbd)
024 _a14333
037 _cTextual
040 _aCSL
_beng
_cCSL
041 _aeng
082 _aC9B36, M2;3
100 _aPerkins Donald H
245 0 _aIntroduction to high energy physics
250 _a2
260 _aLondon
_bAddison-Wesley Publishing Company
_c1982
300 _axiv,437p.
_ccm.
500 _aIndex 429-437p.
_ccm.
650 _aHigh energy physics
942 _hC9B36, M2;3
_cTEXL
_2CC
999 _c49315
_d49315